000 00434nam a2200169Ia 4500
003 LK-CoDNM
008 010623t1970 xxu||||| |||| 00| 1 eng d
040 _aLK-CoDNM
_dLK-CoDNM
_eLK-CoDNM
041 _aeng
080 _a994.007 ING
100 _aBean,C.E.W
245 _aThe Fohn Murtagh Macrossan Lecture 1969
260 _bUniversity of Queensland Press
_c1970
300 _b32P., 21 cm
700 _aInglis,K.S
942 _cBK
999 _c108144
_d108144